<?xml version="1.0" encoding="UTF-8"?><?xml-stylesheet type="text/xsl" href="static/style.xsl"?><OAI-PMH xmlns="http://www.openarchives.org/OAI/2.0/" xmlns:xsi="http://www.w3.org/2001/XMLSchema-instance" xsi:schemaLocation="http://www.openarchives.org/OAI/2.0/ http://www.openarchives.org/OAI/2.0/OAI-PMH.xsd"><responseDate>2026-04-28T21:13:51Z</responseDate><request verb="GetRecord" identifier="oai:uvadoc.uva.es:10324/8533" metadataPrefix="marc">https://uvadoc.uva.es/oai/request</request><GetRecord><record><header><identifier>oai:uvadoc.uva.es:10324/8533</identifier><datestamp>2022-04-18T10:23:16Z</datestamp><setSpec>com_10324_1161</setSpec><setSpec>com_10324_931</setSpec><setSpec>com_10324_894</setSpec><setSpec>col_10324_1319</setSpec></header><metadata><record xmlns="http://www.loc.gov/MARC21/slim" xmlns:doc="http://www.lyncode.com/xoai" xmlns:xsi="http://www.w3.org/2001/XMLSchema-instance" xmlns:dcterms="http://purl.org/dc/terms/" xsi:schemaLocation="http://www.loc.gov/MARC21/slim http://www.loc.gov/standards/marcxml/schema/MARC21slim.xsd">
<leader>00925njm 22002777a 4500</leader>
<datafield tag="042" ind1=" " ind2=" ">
<subfield code="a">dc</subfield>
</datafield>
<datafield tag="720" ind1=" " ind2=" ">
<subfield code="a">Calderón Calderón, Basilio</subfield>
<subfield code="e">author</subfield>
</datafield>
<datafield tag="260" ind1=" " ind2=" ">
<subfield code="c">2007</subfield>
</datafield>
<datafield tag="520" ind1=" " ind2=" ">
<subfield code="a">La Plaza Mayor de Valladolid, sin duda como todas las plazas llamadas mayores, ocupa una posición estratégica en la estructura viaria y en la red de espacios públicos; una posición a la que, al menos en el caso de Valladolid, se llega en buena medida por azar ya que ni ocupaba en origen el lugar de mayor atractivo e interés económico-social, ni está necesariamente bien orientada y, siendo regular en sus proporciones, no lo es en la estructura viaria del perímetro que la configura, ni en la constelación de plazas que gravitan en torno a ella. La Plaza Mayor de Valladolid, antes y después del incendio que en 1561 obligó a levantar ex novo su perímetro, fue implícitamente configurada como un sistema de plazas –cinco en su entorno inmediato- sobre el que progresivamente reposará toda la actividad comercial primero y económico-social de la ciudad después; y si bien es cierto que  todas las pequeñas plazas de su entorno fueron perdiendo su función originaria como lugar de mercado, para convertirse simplemente en áreas estanciales puras, la Plaza Mayor conserva gran parte de las funciones originales: comercio permanente y ocasionalmente ferial, escenario público, referencia política e inmobiliaria y desde las últimas décadas del siglo XX , aparcamiento subterráneo.</subfield>
</datafield>
<datafield tag="024" ind2=" " ind1="8">
<subfield code="a">En GARCÍA ZARZA, Eugenio (Coord): La plaza mayor de Salamanca: importancia urbana y relación con plazas mayores españolas e hispanoamericanas. Salamanca, Universidad de Salamanca, 534 pp.</subfield>
</datafield>
<datafield tag="024" ind2=" " ind1="8">
<subfield code="a">ISBN.978-84-86820-26-8.</subfield>
</datafield>
<datafield tag="024" ind2=" " ind1="8">
<subfield code="a">http://uvadoc.uva.es/handle/10324/8533</subfield>
</datafield>
<datafield tag="024" ind2=" " ind1="8">
<subfield code="a">107</subfield>
</datafield>
<datafield tag="024" ind2=" " ind1="8">
<subfield code="a">135</subfield>
</datafield>
<datafield tag="024" ind2=" " ind1="8">
<subfield code="a">La plaza mayor de Salamanca: importancia urbana y relación con plazas mayores españolas e hispanoamericanas</subfield>
</datafield>
<datafield ind1=" " ind2=" " tag="653">
<subfield code="a">Geografía - Urbanismo</subfield>
</datafield>
<datafield ind1=" " ind2=" " tag="653">
<subfield code="a">Geografía urbana - España - Valladolid</subfield>
</datafield>
<datafield tag="245" ind1="0" ind2="0">
<subfield code="a">La plaza mayor de Valladolid: 1561-2005. Un lugar-escenario de permanente referencia en la estructura urbana</subfield>
</datafield>
</record></metadata></record></GetRecord></OAI-PMH>